1427 1356 1595 1319 1119 1670 1011 1187 1345 1592 1597 1699 1690 1258 1664 1130 1810 1584 1986 1936 1804 1923 1580 1558 1815 1298 1458 1122 1086 1102 1534 1841 1721 1748 1329 1812 1288 1948 1844 1792 1656 1070 1086 1261 1573 1923 1598 1451 1188 1024 1882 1649 1569 1037 1101 1071 1920 1871 1335 1178 1497 1016 1864 1413 1666 1568 1272 1717 1814 1254 1583 1673 1469 1508 1677 1713 1787 1267 1196 1701 1117 1409 1486 1230 1879 1215 1812 1965 1432 1084 1159 1282 1527 1597 1229 1585 1567 1736 1119 BCNSPRNW ULIB Ver.6.0+V

เปลี่ยนเป็นภาษาไทย

Change to English
 แสดงรายละเอียดบรรณานุกรม
  กลับหน้าหลัก

Brief Record : Get Marc (ISO 2709) : E-mail record : QR code < ปิดหน้าต่าง
LEADER : 00000nam 2200000uu 4500
001    13399128549
003     ULIB
008    230906s2565||||th 000 0 tha d
020    ^a9789990137491
060    ^aWB141^bผ819ก
100    ^aเผ่า อนันจิ๋ว
245    ^aการประเมินภาวะสุขภาพและการวินิจฉัยแยกโรคเบื้องต้น
250    ^aพิมพ์ครั้งที่ 2
260    ^aกรุงเทพฯ :^bนีโอดิจิตอล,^c2565
300    ^a142 หน้า^bภาพประกอบ, ตาราง, ภาคผนวก
650    ^aสุขภาพ^xการประเมิน
650    ^aสุขภาพ^xการวินิจฉัยโรค
945    ^p250^l0^i29709
945    ^p250^l0^i29710
945    ^p250^l0^i29711
999    ^aกัณชพร จุลอักษร
รายการนี้ยังไม่มีแท็ก
คุณยังไม่ได้ล็อกอิน คุณสามารถมีกิจกรรมร่วมกับเว็บไซต์ได้ แต่ต้องล็อกอินก่อน ::
  ล็อกอิน

รายการสื่อสารสนเทศ

ลำดับที่ ประเภท เลขเรียก/บาร์โค้ด สถานที่ สถานะ
1. หนังสือสำรอง
หนังสือสำรอง
WB141 ผ819ก ฉ.1 
  Barcode: 29709
ห้องสมุดวิทยาเขตนครสวรรค์
►หนังสือทั่วไป:l:General Books
บนชั้น
2. วิทยาศาสตร์การแพทย์ และสุขภาพ
วิทยาศาสตร์การแพทย์ และสุขภาพ
WB141 ผ819ก ฉ.2 
  Barcode: 29710
ห้องสมุดวิทยาเขตนครสวรรค์
►หนังสือทั่วไป:l:General Books
บนชั้น
*เพิ่งรับคืน
3. วิทยาศาสตร์การแพทย์ และสุขภาพ
วิทยาศาสตร์การแพทย์ และสุขภาพ
WB141 ผ819ก ฉ.3 
  Barcode: 29711
ห้องสมุดวิทยาเขตนครสวรรค์
►หนังสือทั่วไป:l:General Books
บนชั้น

รายการใกล้เคียง
    ชื่อเรื่อง [การประเมินภาวะสุขภาพและการวินิจฉัยแยกโรคเบื้องต้น]

    ผู้แต่ง [เผ่า อนันจิ๋ว]

    หัวเรื่อง [สุขภาพ การประเมิน]

BibComment


ยังไม่เคยถูกคอมเมนท์

คอมเมนท์ทรัพยากรรายการนี้
  คอมเมนท์: การประเมินภาวะสุ..


 Copyright 2026. Bcnsprnw @Library